Countries That Border… - Statistics

General Stats
  • This quiz has been taken 11 times
  • The average score is 36 of 45
Answer Stats
Question Tile Select % Correct
Bosnia and Herzegovina Bulgaria No
100%
Chile Colombia No
100%
Bosnia and Herzegovina North Macedonia No
100%
Chile Paraguay No
100%
Bosnia and Herzegovina Serbia Yes
100%
Bosnia and Herzegovina Slovakia No
100%
Bosnia and Herzegovina Albania No
91%
Chile Argentina Yes
91%
Chile Ecuador No
91%
Czech Republic France No
91%
Bosnia and Herzegovina Montenegro Yes
91%
Czech Republic Slovenia No
91%
Kenya Tanzania Yes
91%
Chile Uruguay No
91%
Chile Venezuela No
91%
Afganistan Armenia No
82%
Czech Republic Austria Yes
82%
Bosnia and Herzegovina Croatia Yes
82%
Kenya Democratic Republic of the Congo No
82%
Kenya Djibouti No
82%
Kenya Eritrea No
82%
Kenya Ethiopia Yes
82%
Afganistan Iran Yes
82%
Afganistan Iraq No
82%
Afganistan Pakistan Yes
82%
Czech Republic Poland Yes
82%
Czech Republic Serbia No
82%
Czech Republic Slovakia Yes
82%
Kenya Uganda Yes
82%
Chile Bolivia Yes
73%
Chile Brazil No
73%
Kenya Burundi No
73%
Chile Peru Yes
73%
Bosnia and Herzegovina Slovenia No
73%
Czech Republic Switzerland No
73%
Afganistan China Yes
64%
Czech Republic Germany Yes
64%
Czech Republic Hungary No
64%
Kenya Somalia Yes
64%
Afganistan Tajikistan Yes
64%
Bosnia and Herzegovina Kosovo No
55%
Afganistan Kyrgyzstan No
55%
Kenya South Sudan Yes
55%
Afganistan Turkmenistan Yes
45%
Afganistan Uzbekistan Yes
36%
No matching quizzes found
Score Distribution
Percent of People with Each Score
Percentile by Number Answered
Your Score History
You have not taken this quiz